|
|
|
|
| LEADER |
00000cam a2200000 7i4500 |
| 001 |
0000008558 |
| 008 |
021119n |
| 020 |
|
|
|a 0804815267
|
| 090 |
0 |
0 |
|a PN6519.J3
|b E94 1987
|
| 245 |
0 |
0 |
|a Even monkeys fall from trees and other Japanese proverb
|l [Nihon no Kotawaza]
|c compiled and translated by David Galef
|f illustrations by Jun Hashimoto with a foreword by Edward G. Siedensticker
|
| 260 |
2 |
|
|a Rutland, Vt
|b C.E Tuttle co.
|c c1987
|
| 300 |
|
|
|a 226 p. : ill ;
|c 19 cm.
|
| 650 |
|
0 |
|a Proverbs, English
|
| 650 |
|
0 |
|a Proverbs, Japanese
|
| 650 |
|
0 |
|a Proverbs, Japanese
|x Translatiopns into English
|
| 700 |
0 |
|
|a Galef, David
|e author
|
| 700 |
0 |
|
|a Hashimoto, Jun
|e author
|
| 740 |
0 |
0 |
|a Nihon no kotowaza
|
| 999 |
|
|
|a 1000048389
|b Book
|c OPEN SHELF (30 DAYS)
|e Gong Badak Campus
|